| 000 | 00521nam a22001817a 4500 | ||
|---|---|---|---|
| 003 | BD-ChCU | ||
| 005 | 20251120140413.0 | ||
| 008 | 251120b bg ||||| |||| 00| 0 ben d | ||
| 040 | _cBD-ChCU | ||
| 082 |
_222 _aREF660 SOR |
||
| 100 |
_a. _916550 |
||
| 245 | _aReports on the progress of applied chemistry during 1972 / | ||
| 260 |
_aLondon : _bAcademic Press, _cc1973 |
||
| 300 | _aVol. 57 | ||
| 650 | 0 |
_aChemical industry Chemistry _916549 |
|
| 710 |
_aSociety of chemical industry _916552 |
||
| 942 |
_2ddc _cBK _n0 |
||
| 999 |
_c109648 _d109648 |
||